Coverage of the 1968 Democratic and Republican presidential campaigns by Texas daily newspapers : an evaluation related to social responsibility theory /

Bibliographic Details
Main Author: Arrendell, Odes Charles, 1937-
Format: Thesis Microform Book
Language:English
Published: [Place of publication not identified] : [publisher not identified] ; [1969?]
Subjects:

MARC

Tag First Indicator Second Indicator Subfields
LEADER 00000cam a2200000 a 4500
001 in00000096500
005 20150923174117.0
007 hd af| c|||
008 760401r1969 miu ab 00010 eng d
035 |a (OCoLC)02083742 
035 |9 AAK8627AM 
040 |a AZS  |c AZS  |d TXA  |d UtOrBLW 
043 |a n-us---  |a n-us-tx 
049 |a TXAI 
099 |a film  |a B  |a 1641 
100 1 |a Arrendell, Odes Charles,  |d 1937- 
245 1 0 |a Coverage of the 1968 Democratic and Republican presidential campaigns by Texas daily newspapers :  |b an evaluation related to social responsibility theory /  |c by Odes Charles Arrendell. 
264 1 |a [Place of publication not identified] :  |b [publisher not identified] ;  |c [1969?] 
264 4 |c ©1970 
300 |a ix, 163 leaves. 
336 |a text  |b txt  |2 rdacontent 
337 |a microform  |b h  |2 rdamedia 
338 |a microfilm reel  |b hd  |2 rdacarrier 
500 |a Vita. 
502 |b Ph. D.  |c University of Texas at Austin  |d 1969. 
504 |a Bibliography: leaves 160-163. 
533 |a Microfilm.  |b Ann Arbor, Mich. :  |c Xerox University Microfilms,  |d 1969.  |e 1 microfilm reel ; 35 mm. 
500 |a Microform. 
650 0 |a Presidents  |z United States  |x Election  |y 1968. 
650 0 |a Press and politics. 
650 0 |a Elections  |z Texas. 
999 |a MARS 
999 f f |s 75094728-b3a5-3cf7-b62e-28e89e16666c  |i 0e24f3cf-cdb1-339d-9808-b00be500fc81  |t 0 
952 f f |p default  |a Texas A&M University  |b College Station  |c Sterling C. Evans Library  |d Evans: Microforms (3rd floor)  |t 0  |e film B 1641  |h Other scheme  |i microform -- microfilm reel 
998 f f |a film B 1641  |t 0  |l Evans: Microforms (3rd floor)